[Event "64.Camp. Veneto Quarti di Finale"]
[Site "Arquà Petrarca ITA"]
[Date "2004.05.09"]
[Round "2.28"]
[White "Biagioli, Marco Fabrizio"]
[Black "Quaranta, Gaetano"]
[Result "0-1"]
[WhiteElo "1440"]
[BlackElo "1718"]
[Annotator "Gabriele Ballarin"]
[PlyCount "118"]
[EventDate "2004.05.08"]
[EventType "swiss"]
[EventRounds "6"]
[EventCountry "ITA"]

1. e4 e5 2. Nc3 Nf6 3. Bc4 Nc6 4. d3 Bb4 5. Bd2 Na5 6. a3 Nxc4 7. dxc4 Bc5 8. Nf3 d6 9. Na4 Nxe4 10. Nxc5 Nxc5 11. O-O Be6 12. b3 O-O 13. Be3 Ne4 14. Qd3 Bf5 15. Qe2 Bg6 16. c5 Nxc5 17. Bxc5 dxc5 18. Qxe5 Bxc2 19. Qxc5 Bxb3 20. Rab1 b6 21. Qc3 Be6 22. Rfd1 Qe7 23. Nd4 c5 24. Nc6 Qc7 25. Ne5 Rad8 26. Rd3 Rxd3 27. Nxd3 Bf5 28. Re1 Bxd3 29. Qxd3 Rd8 30. Qe3 g6 31. Qg5 c4 32. h4 Qd6 33. h5 c3 34. hxg6 hxg6 35. Qc1 Rc8 36. Re3 Qd2 37. Re1 Qxc1 38. Rxc1 b5 39. Kf1 a5 40. Ke2 b4 41. Kd3 f5 42. f3 Kf7 43. g3 Ke6 44. f4 Kd5 45. Rc2 b3 46. Rxc3 Rxc3+ 47. Kxc3 a4 48. Kd3 b2 49. Kc2 b1=N 50. Kxb1 Ke4 51. Kc2 Kf3 52. Kc3 Kxg3 53. Kb4 Kxf4 54. Kxa4 g5 55. Kb5 g4 56. a4 g3 57. a5 g2 58. a6 g1=Q 59. Kc6 Qa7 0-1

[Event "64.Camp. Veneto Quarti di Finale"]
[Site "Arquà Petrarca ITA"]
[Date "2004.05.09"]
[Round "2.29"]
[White "Abazi, Rhui"]
[Black "Chiodini, Sebastiano"]
[Result "1/2-1/2"]
[WhiteElo "1700"]
[BlackElo "1440"]
[Annotator "Gabriele Ballarin"]
[PlyCount "105"]
[EventDate "2004.05.08"]
[EventType "swiss"]
[EventRounds "6"]
[EventCountry "ITA"]

1. e4 e5 2. Nf3 Nc6 3. Nc3 Nf6 4. Bb5 Bb4 5. Qe2 O-O 6. O-O d6 7. d3 h6 8. Be3 Ne7 9. a3 Bxc3 10. bxc3 c6 11. Ba4 d5 12. exd5 Nexd5 13. Bd2 Re8 14. c4 Nf4 15. Qd1 Qd6 16. Be3 Bg4 17. h3 Bh5 18. Kh2 e4 19. dxe4 Qxd1 20. Raxd1 Rxe4 21. Bb3 Ne6 22. Rd6 Bxf3 23. gxf3 Re5 24. Rg1 Kh7 25. c3 Ng5 26. f4 Nf3+ 27. Kg2 Rxe3 28. fxe3 Nxg1 29. Kxg1 Re8 30. Rd3 Ne4 31. Bc2 g6 32. Rd7 Kg7 33. Rxb7 Nxc3 34. Kf2 g5 35. fxg5 hxg5 36. Rxa7 Re6 37. Bf5 Rf6 38. Ra5 Ne4+ 39. Kf3 Nd2+ 40. Kg4 Nxc4 41. Rc5 Nxe3+ 42. Kxg5 Rxf5+ 43. Rxf5 Nxf5 44. Kxf5 c5 45. a4 c4 46. Ke4 f5+ 47. Kd4 f4 48. a5 f3 49. a6 f2 50. a7 f1=Q 51. a8=Q Qd3+ 52. Ke5 (52. Kc5 c3 53. Qb7+) 52... c3 53. Qb7+ {½-½ Abazi,R (1700)-Chiodini,S/Arquà Petrarca ITA 2004} 1/2-1/2

[Event "64.Camp. Veneto Quarti di Finale"]
[Site "Arquà Petrarca ITA"]
[Date "2004.05.09"]
[Round "2.30"]
[White "Scarabello, Luca"]
[Black "Chiesa, Roberto"]
[Result "0-1"]
[WhiteElo "1440"]
[BlackElo "1700"]
[Annotator "Gabriele Ballarin"]
[PlyCount "66"]
[EventDate "2004.05.08"]
[EventType "swiss"]
[EventRounds "6"]
[EventCountry "ITA"]

1. e4 e6 2. d4 d5 3. e5 c5 4. c3 Nc6 5. Nf3 Qb6 6. b3 cxd4 7. cxd4 Bb4+ 8. Ke2 Bd7 9. a3 Be7 10. Nc3 f6 11. Be3 a6 12. g4 Qc7 13. exf6 Nxf6 14. h3 O-O 15. Bg2 Rf7 16. Qd3 g6 17. Ng5 Rg7 18. f4 Qd8 19. Nf3 b5 20. Ne5 b4 21. axb4 Nxb4 22. Qd2 Rc8 23. Kf3 Ne4 24. Nxe4 dxe4+ 25. Kg3 Rc2 26. Qd1 Bh4+ 27. Kh2 Bb5 28. Nc4 Rc3 29. Rc1 Rd3 30. Qe2 Nd5 31. Bxe4 Rxe3 32. Nxe3 Bxe2 33. Nxd5 exd5 0-1

[Event "64.Camp. Veneto Quarti di Finale"]
[Site "Arquà Petrarca ITA"]
[Date "2004.05.09"]
[Round "2.31"]
[White "Franco, Leopoldo"]
[Black "Scarangella, Luca"]
[Result "0-1"]
[WhiteElo "1700"]
[BlackElo "1440"]
[Annotator "Gabriele Ballarin"]
[PlyCount "176"]
[EventDate "2004.05.08"]
[EventType "swiss"]
[EventRounds "6"]
[EventCountry "ITA"]

1. d4 d5 2. c4 e6 3. e3 Nf6 4. cxd5 exd5 5. Nf3 c5 6. Bb5+ Bd7 7. Bxd7+ Nbxd7 8. O-O cxd4 9. exd4 Be7 10. Qb3 Qb6 11. Nbd2 O-O 12. a3 Rac8 13. Re1 Rfe8 14. Qd3 Bd6 15. b4 Rxe1+ 16. Nxe1 Qc7 17. Bb2 Bxh2+ 18. Kf1 Bd6 19. Nb3 Qc4 20. Nc5 Qxd3+ 21. Nexd3 b6 22. Nb3 Nh5 23. Nbc1 Nf4 24. g3 Nxd3 25. Nxd3 f6 26. Re1 Kf7 27. Kg2 Re8 28. Rc1 g5 29. Rc6 Re6 30. b5 Ke7 31. Rc1 Nb8 32. Rh1 Kd7 33. Rxh7+ Re7 34. Rh6 Rf7 35. Rh8 Rf8 36. Rh7+ Be7 37. Nb4 Ke6 38. Bc3 Bxb4 39. Bxb4 Rf7 40. Rh8 Rb7 41. Re8+ Kf7 42. Rh8 Nd7 43. Rh7+ Ke6 44. Re7+ Kf5 45. f3 Kg6 46. g4 f5 47. Re6+ Nf6 48. Be7 fxg4 49. fxg4 Kf7 50. Rxf6+ Kxe7 51. Rf5 Ke6 52. Rxg5 Rf7 53. Re5+ Kd6 54. Rg5 Rf4 55. Rg6+ Ke7 56. Kg3 Rxd4 57. Rg7+ Kf6 58. Rxa7 Kg5 59. Rg7+ Kf6 60. Rg8 Rd3+ 61. Kh4 Rxa3 62. Rd8 Rd3 63. Rd6+ Ke5 64. Rxb6 d4 65. Rc6 Rb3 66. Rc5+ Ke4 67. g5 d3 68. Rc4+ Ke3 69. Rg4 d2 70. Rg3+ Kf2 71. Rxb3 d1=Q 72. Rg3 Qa4+ 73. Rg4 Qxb5 74. g6 Qf5 75. g7 Qh7+ 76. Kg5 Qxg7+ 77. Kf5 Qf7+ 78. Kg5 Kf3 79. Rh4 Qd5+ 80. Kg6 Kg3 81. Rh5 Qe6+ 82. Kh7 Qf6 83. Rh6 Qf7+ 84. Kh8 Kg4 85. Ra6 Kg5 86. Ra8 Qb7 87. Rg8+ Kh6 88. Rg1 Qh7# 0-1

[Event "64.Camp. Veneto Quarti di Finale"]
[Site "Arquà Petrarca ITA"]
[Date "2004.05.09"]
[Round "2.32"]
[White "Tresin, Ardilio"]
[Black "Tescaro, Stefano"]
[Result "0-1"]
[WhiteElo "1337"]
[BlackElo "1700"]
[Annotator "Gabriele Ballarin"]
[PlyCount "44"]
[EventDate "2004.05.08"]
[EventType "swiss"]
[EventRounds "6"]
[EventCountry "ITA"]

1. d4 g6 2. Nf3 Bg7 3. e3 d6 4. Be2 Nf6 5. Nbd2 O-O 6. c4 c5 7. b3 Nc6 8. Bb2 Ng4 9. O-O e5 10. d5 Nb4 11. a3 Na6 12. h3 Nf6 13. e4 Nh5 14. Nh2 Nf4 15. Bg4 f5 16. exf5 gxf5 17. Be2 Qg5 18. Ng4 Nxe2+ 19. Qxe2 fxg4 20. Ne4 Qg6 21. hxg4 Bxg4 22. Qd3 Bf3 0-1

[Event "64.Camp. Veneto Quarti di Finale"]
[Site "Arquà Petrarca ITA"]
[Date "2004.05.09"]
[Round "3.1"]
[White "Danieli, Enrico"]
[Black "Cacco, Christian"]
[Result "1-0"]
[WhiteElo "2103"]
[BlackElo "2319"]
[Annotator "Gabriele Ballarin"]
[PlyCount "85"]
[EventDate "2004.05.08"]
[EventType "swiss"]
[EventRounds "6"]
[EventCountry "ITA"]

1. Nf3 g6 2. d4 Bg7 3. e4 d6 4. c3 a6 5. a4 b6 6. Bd3 c5 7. O-O e6 8. Be3 Ne7 9. Na3 Nbc6 10. Rb1 cxd4 11. Nxd4 Ne5 12. Be2 Bb7 13. f3 O-O 14. Qd2 Qc7 15. Rbd1 Rfd8 16. Qe1 Nd7 17. Nb3 d5 18. Qf2 Bc6 19. a5 bxa5 20. Nc5 Nxc5 21. Bxc5 Qb7 22. Qh4 Re8 23. exd5 Bxd5 24. Nc4 Nf5 25. Qf2 Bxc4 26. Bxc4 Rac8 27. Bd3 Qc6 28. Ba3 Bh6 29. Rfe1 Rcd8 30. Bxf5 Rxd1 31. Rxd1 exf5 32. Re1 Bf4 33. g3 Rxe1+ 34. Qxe1 Bd6 35. Bxd6 Qxd6 36. Qe2 Kg7 37. Kg2 a4 38. Qe3 h6 39. c4 g5 40. c5 Qd5 41. Qc3+ Kf8 42. c6 Qe6 43. c7 1-0

[Event "64.Camp. Veneto Quarti di Finale"]
[Site "Arquà Petrarca ITA"]
[Date "2004.05.09"]
[Round "3.2"]
[White "Ventura, Boris"]
[Black "Solinas, Carlo"]
[Result "1-0"]
[WhiteElo "2186"]
[BlackElo "2072"]
[Annotator "Gabriele Ballarin"]
[PlyCount "84"]
[EventDate "2004.05.08"]
[EventType "swiss"]
[EventRounds "6"]
[EventCountry "ITA"]

1. e4 e5 2. Nf3 Nc6 3. d4 exd4 4. c3 d5 5. exd5 Qxd5 6. cxd4 Nf6 7. Nc3 Bb4 8. Be2 O-O 9. O-O Bxc3 10. bxc3 Bg4 11. h3 Bh5 12. Bf4 Qe4 13. Bh2 Bg6 14. Re1 Qf5 15. Nh4 Qa5 16. Nxg6 hxg6 17. Qb3 Nd8 18. Bf3 Ne6 19. Re5 c5 20. d5 c4 21. Qxc4 Nd7 22. Re3 Nb6 23. Qb4 Qxb4 24. cxb4 Nd4 25. Rd1 Nxf3+ 26. Rxf3 Rac8 27. d6 Rfd8 28. g4 f6 29. b5 Rc5 30. Ra3 Rxb5 31. Rxa7 Nd7 32. Ra3 Kf7 33. Rc3 Nc5 34. Re3 Nd7 35. Re7+ Kf8 36. Rc1 Ne5 37. Bxe5 Rxe5 38. Rxb7 Rxd6 39. Rc8+ Re8 40. Rxe8+ Kxe8 41. Rxg7 Ra6 42. Rxg6 Kf7 1-0

[Event "64.Camp. Veneto Quarti di Finale"]
[Site "Arquà Petrarca ITA"]
[Date "2004.05.09"]
[Round "3.3"]
[White "Bonafede, Alessandro"]
[Black "Giuriati, Paolo"]
[Result "1/2-1/2"]
[WhiteElo "2083"]
[BlackElo "2185"]
[Annotator "Gabriele Ballarin"]
[PlyCount "26"]
[EventDate "2004.05.08"]
[EventType "swiss"]
[EventRounds "6"]
[EventCountry "ITA"]

1. e4 c6 2. d3 d5 3. Nd2 e5 4. Ngf3 Bd6 5. d4 exd4 6. Nxd4 Nf6 7. exd5 Nxd5 8. Nc4 Be7 9. Be2 O-O 10. O-O c5 11. Nf3 Nc6 12. c3 Bf5 13. Ne3 Nxe3 1/2-1/2

[Event "64.Camp. Veneto Quarti di Finale"]
[Site "Arquà Petrarca ITA"]
[Date "2004.05.09"]
[Round "3.4"]
[White "Sgaravatti, Francesco"]
[Black "Quaranta, Cristiano"]
[Result "1-0"]
[WhiteElo "2140"]
[BlackElo "2031"]
[Annotator "Gabriele Ballarin"]
[PlyCount "61"]
[EventDate "2004.05.08"]
[EventType "swiss"]
[EventRounds "6"]
[EventCountry "ITA"]

1. e4 c5 2. Nf3 Nc6 3. d4 cxd4 4. Nxd4 g6 5. c4 Bg7 6. Be3 Nf6 7. Nc3 d6 8. Be2 O-O 9. Nc2 Be6 10. O-O Rc8 11. h3 Nd7 12. Qd2 a6 13. Rab1 Na5 14. b3 b5 15. Nd4 bxc4 16. b4 Nb7 17. Nxe6 fxe6 18. Bg4 Kf7 19. Bxe6+ Ke8 20. Bh6 Bxc3 21. Qxc3 Rf6 22. Bd5 Qc7 23. Bg5 Rf8 24. Qg7 Ne5 25. Be6 Ra8 26. Bh6 Nd7 27. Qxh7 Rf6 28. Qg8+ Nf8 29. Bxf8 Rxf8 30. Qxg6+ Kd8 31. Rbc1 1-0

[Event "64.Camp. Veneto Quarti di Finale"]
[Site "Arquà Petrarca ITA"]
[Date "2004.05.09"]
[Round "3.6"]
[White "Roberti, Ignazio"]
[Black "Casciello, Dimitri"]
[Result "0-1"]
[WhiteElo "1992"]
[BlackElo "1820"]
[Annotator "Gabriele Ballarin"]
[PlyCount "96"]
[EventDate "2004.05.08"]
[EventType "swiss"]
[EventRounds "6"]
[EventCountry "ITA"]

1. e4 c5 2. Nf3 d6 3. d4 cxd4 4. Nxd4 Nf6 5. Nc3 g6 6. Be3 Bg7 7. f3 O-O 8. Bc4 Nc6 9. Qd2 Bd7 10. O-O-O Rc8 11. Bb3 Ne5 12. g4 Nc4 13. Bxc4 Rxc4 14. h4 b5 15. h5 b4 16. Nce2 Qa5 17. Kb1 Rfc8 18. hxg6 fxg6 19. Rc1 Be6 20. Ng3 Bf7 21. Nb3 Qb5 22. g5 Nd7 23. f4 a5 24. Bd4 Rxd4 25. Nxd4 Qc4 26. Nb3 a4 27. Rhd1 Nc5 28. e5 dxe5 29. f5 Re8 30. f6 exf6 31. Qd6 Rc8 32. Qe7 f5 33. Rd8+ Rxd8 34. Qxd8+ Bf8 35. Rd1 axb3 36. axb3 Qg4 37. Nf1 Ne6 38. Qd7 Nd4 39. Rc1 Qxg5 40. Qc7 Qe7 41. Qb8 e4 42. Ne3 Nc6 43. Qf4 Qe5 44. Qh4 Be7 45. Qh6 Bf6 46. c3 Bg7 47. Qh3 Bxb3 48. Re1 h6 0-1

[Event "64.Camp. Veneto Quarti di Finale"]
[Site "Arquà Petrarca ITA"]
[Date "2004.05.09"]
[Round "3.7"]
[White "Lain, Luigi"]
[Black "Velluti, Alberto"]
[Result "1/2-1/2"]
[WhiteElo "2235"]
[BlackElo "1802"]
[Annotator "Gabriele Ballarin"]
[PlyCount "92"]
[EventDate "2004.05.08"]
[EventType "swiss"]
[EventRounds "6"]
[EventCountry "ITA"]

1. d4 d5 2. c4 e6 3. Nc3 Nf6 4. Bg5 Nbd7 5. e3 Be7 6. Nf3 h6 7. Bf4 c6 8. Rc1 O-O 9. a3 dxc4 10. Bxc4 Nd5 11. Bg3 Nxc3 12. Rxc3 Nf6 13. Bd3 Re8 14. O-O Bd6 15. Bh4 Be7 16. Rc1 Nd7 17. Bg3 Nf8 18. Bb1 Bd6 19. Ne5 f6 20. Ng6 Nxg6 21. Bxg6 Rf8 22. Bb1 f5 23. f4 Bd7 24. Qd3 Be8 25. Bf2 Bg6 26. Kh1 Bh7 27. Rg1 Kh8 28. g4 Be7 29. Be1 Qd5+ 30. Rg2 Rae8 31. Kg1 Qd8 32. Bc3 Bf6 33. Kf2 g5 34. fxg5 hxg5 35. Ke2 Qc7 36. gxf5 exf5 37. d5 f4 38. Qxh7+ Qxh7 39. Bxf6+ Rxf6 40. Bxh7 Rxe3+ 41. Kf2 Kxh7 42. Rxg5 Kh6 43. Rg8 cxd5 44. Rcg1 Rf7 45. R8g6+ Kh7 46. R6g5 Rh3 1/2-1/2

[Event "64.Camp. Veneto Quarti di Finale"]
[Site "Arquà Petrarca ITA"]
[Date "2004.05.09"]
[Round "3.8"]
[White "Rossi, Damiano"]
[Black "Mileto, Gabriele"]
[Result "0-1"]
[WhiteElo "2002"]
[BlackElo "2206"]
[Annotator "Gabriele Ballarin"]
[PlyCount "64"]
[EventDate "2004.05.08"]
[EventType "swiss"]
[EventRounds "6"]
[EventCountry "ITA"]

1. d4 g6 2. c4 Bg7 3. Nc3 d6 4. e4 Nf6 5. Nf3 O-O 6. Be2 e5 7. O-O Nc6 8. d5 Ne7 9. a3 Nh5 10. Ne1 Nf4 11. f3 f5 12. Be3 Nxe2+ 13. Qxe2 f4 14. Bf2 b6 15. b4 g5 16. c5 Bd7 17. cxd6 cxd6 18. Nb5 Rf6 19. g4 fxg3 20. hxg3 a6 21. Nc3 Bh3 22. Ng2 Ng6 23. Be3 Nf4 24. Nxf4 gxf4 25. gxf4 exf4 26. Bd2 Bg2 27. Kxg2 Rg6+ 28. Kh1 Rh6+ 29. Kg1 Qh4 30. Qg2 Rg6 31. Rf2 Kf7 32. Kf1 Rxg2 0-1

[Event "64.Camp. Veneto Quarti di Finale"]
[Site "Arquà Petrarca ITA"]
[Date "2004.05.09"]
[Round "3.9"]
[White "Lorusso, Giuseppe"]
[Black "Lavric, Mihail"]
[Result "1/2-1/2"]
[WhiteElo "1987"]
[BlackElo "2100"]
[Annotator "Gabriele Ballarin"]
[PlyCount "57"]
[EventDate "2004.05.08"]
[EventType "swiss"]
[EventRounds "6"]
[EventCountry "ITA"]

1. d4 d5 2. c4 dxc4 3. Nf3 Nf6 4. e3 e6 5. Bxc4 Be7 6. Nc3 O-O 7. O-O a6 8. Qe2 b5 9. Bd3 Bb7 10. a3 c5 11. dxc5 Bxc5 12. b4 Be7 13. Bb2 Nbd7 14. Rfd1 Qb8 15. Rac1 Bd6 16. h3 Rc8 17. Nd2 Ne5 18. Nce4 Nxe4 19. Rxc8+ Qxc8 20. Nxe4 Qc6 21. Bxe5 Bxe5 22. f4 f5 23. Nc5 Bf6 24. Qa2 Qd5 25. Qxd5 Bxd5 26. Bxf5 Kf7 27. Bg4 a5 28. e4 Bc4 29. Rd7+ 1/2-1/2

[Event "64.Camp. Veneto Quarti di Finale"]
[Site "Arquà Petrarca ITA"]
[Date "2004.05.09"]
[Round "3.10"]
[White "Rossi, Gianni"]
[Black "Faccia, Sergio"]
[Result "0-1"]
[WhiteElo "1915"]
[BlackElo "1980"]
[Annotator "Gabriele Ballarin"]
[PlyCount "76"]
[EventDate "2004.05.08"]
[EventType "swiss"]
[EventRounds "6"]
[EventCountry "ITA"]

1. d4 e5 2. dxe5 f6 3. exf6 Nxf6 4. Nf3 Bc5 5. Nc3 O-O 6. Bg5 c6 7. e3 d5 8. Be2 Bg4 9. O-O Nbd7 10. Nd4 Bxe2 11. Ncxe2 Qe8 12. Ng3 h6 13. Bxf6 Nxf6 14. Qd3 Qf7 15. f3 Rae8 16. Rae1 Nd7 17. Qc3 Bb6 18. Ndf5 Qg6 19. Nd4 Ne5 20. b3 h5 21. Nge2 c5 22. Nb5 Nxf3+ 23. Rxf3 Rxf3 24. Nf4 Qg5 25. Nxd5 Rff8 26. e4 c4+ 27. Nxb6 Qxb5 28. Nxc4 Qc6 29. a4 Rxe4 30. Rxe4 Qxe4 31. h3 Qe2 32. Ne3 Qf2+ 33. Kh1 Re8 34. Qc4+ Kh8 35. Nd5 Re1+ 36. Kh2 h4 37. Qc8+ Kh7 38. Qg4 Qg1# 0-1

[Event "64.Camp. Veneto Quarti di Finale"]
[Site "Arquà Petrarca ITA"]
[Date "2004.05.09"]
[Round "3.11"]
[White "Gennari, Leone"]
[Black "Calicchia, Giovanni"]
[Result "0-1"]
[WhiteElo "2068"]
[BlackElo "1760"]
[Annotator "Gabriele Ballarin"]
[PlyCount "65"]
[EventDate "2004.05.08"]
[EventType "swiss"]
[EventRounds "6"]
[EventCountry "ITA"]

1. d4 Nf6 2. c4 e5 3. dxe5 Ng4 4. Nf3 Nc6 5. Bf4 Bb4+ 6. Nc3 Bxc3+ 7. bxc3 Qe7 8. Qd5 f6 9. exf6 Nxf6 10. Qd3 d6 11. e3 O-O 12. Be2 Ne4 13. O-O Kh8 14. Nd4 Bd7 15. Bf3 Rae8 16. Bxe4 Qxe4 17. Qxe4 Rxe4 18. f3 Ree8 19. Rab1 b6 20. Kf2 a6 21. Rfd1 Na5 22. c5 bxc5 23. Nb3 Nxb3 24. Rxb3 Ba4 25. Rdb1 Bxb3 26. Rxb3 Rb8 27. Ra3 h6 28. Rxa6 Ra8 29. Rc6 Rxa2+ 30. Kf1 Rb8 31. Bg3 Rb1+ 32. Be1 Raa1 33. Rxc7 0-1

[Event "64.Camp. Veneto Quarti di Finale"]
[Site "Arquà Petrarca ITA"]
[Date "2004.05.09"]
[Round "3.12"]
[White "Bdair, Bilal"]
[Black "Ballarin, Gabriele"]
[Result "1-0"]
[WhiteElo "1999"]
[BlackElo "1754"]
[Annotator "Gabriele Ballarin"]
[PlyCount "97"]
[EventDate "2004.05.08"]
[EventType "swiss"]
[EventRounds "6"]
[EventCountry "ITA"]
[SourceTitle "Inf 22"]

1. d4 e6 2. c4 Nf6 3. Nc3 Bb4 4. f3 d5 5. a3 Bxc3+ 6. bxc3 O-O 7. Qc2 b6 8. e4 Ba6 9. e5 Nfd7 10. Bd3 f5 11. cxd5 Bxd3 12. Qxd3 exd5 13. Ne2 c5 14. O-O c4 15. Qc2 Nc6 16. Nf4 Na5 17. Ne6 Qe7 18. Nxf8 Rxf8 19. a4 Qe6 20. Ba3 Rf7 21. f4 Nb8 22. Rae1 Nbc6 23. g4 Nd8 24. Re2 Qg6 25. Rg2 Ne6 26. Qb1 Nb3 27. h4 Nd8 28. h5 Qe6 29. gxf5 Rxf5 30. Rg5 g6 31. hxg6 Rxg5+ 32. fxg5 Qg4+ 33. Kf2 Qf4+ 34. Ke2 Qg4+ 35. Rf3 Qg2+ 36. Rf2 Qg4+ 37. Kf1 Qh3+ 38. Kg1 Qg3+ 39. Rg2 Qe3+ 40. Kh2 Qf4+ 41. Kh3 Ne6 42. gxh7+ Kg7 43. h8=Q+ Kxh8 44. Qg6 Qf3+ 45. Kh2 Qf4+ 46. Kg1 Qe3+ 47. Kf1 Qc1+ 48. Bxc1 Nbxd4 49. Rh2# 1-0

[Event "64.Camp. Veneto Quarti di Finale"]
[Site "Arquà Petrarca ITA"]
[Date "2004.05.09"]
[Round "3.13"]
[White "Xia, Jie"]
[Black "Negro, Raffaele"]
[Result "1/2-1/2"]
[WhiteElo "1985"]
[BlackElo "1751"]
[Annotator "Gabriele Ballarin"]
[PlyCount "79"]
[EventDate "2004.05.08"]
[EventType "swiss"]
[EventRounds "6"]
[EventCountry "ITA"]

1. e4 d6 2. d4 Nf6 3. Nc3 c6 4. Nf3 Bg4 5. Be2 e6 6. Be3 d5 7. exd5 cxd5 8. O-O Be7 9. Ne5 Bxe2 10. Nxe2 O-O 11. Ng3 Nbd7 12. f4 Ne4 13. Nxe4 dxe4 14. Qd2 f6 15. Nxd7 Qxd7 16. Rfd1 Qd5 17. b3 b5 18. a4 b4 19. Rac1 Rfc8 20. c3 bxc3 21. Rxc3 a5 22. Rdc1 Rxc3 23. Qxc3 Rb8 24. Rb1 Bb4 25. Qc4 f5 26. Kf2 h6 27. Ke2 Rf8 28. Rc1 Kh7 29. h3 Rf6 30. Qxd5 exd5 31. Bd2 Bxd2 32. Kxd2 Rg6 33. Rc5 Rxg2+ 34. Ke1 g5 35. Rxd5 gxf4 36. Rxf5 f3 37. Re5 Re2+ 38. Kf1 e3 39. d5 Rf2+ 40. Ke1 1/2-1/2

[Event "64.Camp. Veneto Quarti di Finale"]
[Site "Arquà Petrarca ITA"]
[Date "2004.05.09"]
[Round "3.14"]
[White "Cardili, Mariano"]
[Black "D'Elia, Alessandro"]
[Result "0-1"]
[WhiteElo "1971"]
[BlackElo "1688"]
[Annotator "Gabriele Ballarin"]
[PlyCount "110"]
[EventDate "2004.05.08"]
[EventType "swiss"]
[EventRounds "6"]
[EventCountry "ITA"]

1. d4 g6 2. c4 Bg7 3. Nc3 c6 4. e4 d6 5. Nf3 Bg4 6. Be2 Nd7 7. O-O c5 8. Be3 Bxf3 9. Bxf3 cxd4 10. Bxd4 Bxd4 11. Qxd4 Ne5 12. Be2 Nf6 13. Nd5 Nxd5 14. cxd5 O-O 15. f4 Nd7 16. Kh1 Qb6 17. Qd2 Rac8 18. Rac1 Nc5 19. Bf3 Qa6 20. b4 Qd3 21. Qe1 Na6 22. Qf2 Nxb4 23. Qxa7 Qa6 24. Qxa6 Nxa6 25. Rb1 Nc5 26. e5 Ra8 27. exd6 exd6 28. Rb6 Rfd8 29. Rf2 Rd7 30. g3 Ra3 31. Kg2 Nd3 32. Re2 Nc1 33. Re8+ Kg7 34. Rb8 Rxa2+ 35. Kh3 Ra7 36. g4 Ra3 37. Kg2 Nd3 38. Rb1 Nxf4+ 39. Kg3 Nxd5 40. R8xb7 Rxb7 41. Rxb7 Nf6 42. h4 h6 43. Kg2 Ra2+ 44. Kg3 Ra3 45. Kg2 Ra2+ 46. Kg3 Rd2 47. Rb8 Nd7 48. Rb3 Ne5 49. g5 Nxf3 50. Kxf3 Rd4 51. Kg3 d5 52. Rb7 Rd3+ 53. Kg2 hxg5 54. hxg5 Re3 55. Rb4 Re4 0-1

[Event "64.Camp. Veneto Quarti di Finale"]
[Site "Arquà Petrarca ITA"]
[Date "2004.05.09"]
[Round "3.15"]
[White "Ferrari, Mario"]
[Black "Belloni, Umberto"]
[Result "0-1"]
[WhiteElo "1759"]
[BlackElo "1968"]
[Annotator "Gabriele Ballarin"]
[PlyCount "91"]
[EventDate "2004.05.08"]
[EventType "swiss"]
[EventRounds "6"]
[EventCountry "ITA"]

1. e4 e6 2. d4 d5 3. Nc3 dxe4 4. Nxe4 Nf6 5. Bd3 Nbd7 6. Nf3 Nxe4 7. Bxe4 Nf6 8. Bd3 Bd6 9. Bg5 c6 10. c3 Qc7 11. Qe2 Bd7 12. h3 h6 13. Bd2 g5 14. O-O-O Nd5 15. g3 O-O-O 16. Rde1 Kb8 17. Kb1 a5 18. Ne5 Bxe5 19. dxe5 c5 20. a3 Bc6 21. Rhg1 Ba4 22. f4 gxf4 23. gxf4 Rdg8 24. c4 Ne7 25. Be4 Nc6 26. Bc3 Rd8 27. Ka2 Nd4 28. Bxd4 Rxd4 29. b3 Rhd8 30. Rd1 Bc6 31. Rxd4 Rxd4 32. Bxc6 Qxc6 33. Qe1 b6 34. Qe3 Qd7 35. Rg2 a4 36. Rb2 axb3+ 37. Rxb3 (37. Qxb3) 37... Ka7 38. Rb2 Qa4 39. Qf3 Qxc4+ 40. Ka1 Re4 41. Qd1 Rd4 42. Qb1 Rd3 43. Qh1 Rxa3+ 44. Kb1 Qd3+ 45. Kc1 Qe3+ 46. Kd1 0-1

[Event "64.Camp. Veneto Quarti di Finale"]
[Site "Arquà Petrarca ITA"]
[Date "2004.05.09"]
[Round "3.16"]
[White "Zarpellon, Daniel"]
[Black "Pomaro, Alberto"]
[Result "0-1"]
[WhiteElo "1940"]
[BlackElo "1670"]
[Annotator "Gabriele Ballarin"]
[PlyCount "89"]
[EventDate "2004.05.08"]
[EventType "swiss"]
[EventRounds "6"]
[EventCountry "ITA"]

1. e4 e6 2. d4 d5 3. Nc3 Bb4 4. e5 c5 5. Be3 Nc6 6. Bb5 Qb6 7. Bxc6+ bxc6 8. a3 Ba5 9. Rb1 Rb8 10. Nge2 Ba6 11. dxc5 Qd8 12. b4 Bc7 13. Qd4 Ne7 14. Bg5 Qd7 15. Bxe7 Qxe7 16. h4 Bc4 17. O-O g5 18. h5 g4 19. Rfe1 Qg5 20. Ng3 Qg7 21. Nd1 Ke7 22. Nb2 Ba6 23. Rbd1 Rhd8 24. Qf4 Rg8 25. Rd4 Qg5 26. c4 Qxf4 27. Rxf4 Bxc4 28. Nxc4 dxc4 29. Rxc4 Rg5 30. Ree4 Rbg8 31. a4 a6 32. Nf1 Bxe5 33. Ne3 Rxh5 34. Rxg4 Bh2+ 35. Kf1 Rxg4 36. Rxg4 Bc7 37. Rg8 a5 38. g4 Rh1+ 39. Kg2 Ra1 40. b5 Rxa4 41. b6 Bd8 42. Rh8 Ra1 43. Nc4 Rb1 44. Nxa5 Kd7 45. Rxh7 0-1

[Event "64.Camp. Veneto Quarti di Finale"]
[Site "Arquà Petrarca ITA"]
[Date "2004.05.09"]
[Round "3.17"]
[White "Quaranta, Gaetano"]
[Black "Bettera, Roberto"]
[Result "0-1"]
[WhiteElo "1718"]
[BlackElo "1919"]
[Annotator "Roberto Bettera"]
[PlyCount "72"]
[EventDate "2004.05.08"]
[EventType "swiss"]
[EventRounds "6"]
[EventCountry "ITA"]

1. e4 c5 2. d4 cxd4 3. c3 Nf6 4. e5 Nd5 5. cxd4 e6 6. Nf3 d6 7. Bc4 Nc6 8. Bxd5 exd5 9. exd6 Bxd6 10. O-O O-O 11. Nc3 Bg4 12. Be3 Qd7 13. Nb5 Bb8 14. Rc1 a6 15. Nc3 Qd6 16. g3 Qf6 17. Kg2 Qf5 18. Nh4 Qh5 19. Qb3 g5 20. Nxd5 Kg7 21. Qxb7 gxh4 22. Qxa8 Bf3+ 23. Kg1 Bxd5 24. Rc3 hxg3 25. fxg3 Bxg3 26. Qxf8+ Kxf8 27. hxg3 Qh1+ 28. Kf2 Qg2+ 29. Ke1 Qxb2 30. Bh6+ Ke8 31. Re3+ Kd7 32. Rf2 Qc1+ 33. Ke2 Nxd4+ 34. Kd3 Qc4+ 35. Kd2 Qc2+ 36. Ke1 Qc1# 0-1

[Event "64.Camp. Veneto Quarti di Finale"]
[Site "Arquà Petrarca ITA"]
[Date "2004.05.09"]
[Round "3.18"]
[White "Chiesa, Roberto"]
[Black "Maniero, Riccardo"]
[Result "0-1"]
[WhiteElo "1700"]
[BlackElo "1874"]
[Annotator "Gabriele Ballarin"]
[PlyCount "64"]
[EventDate "2004.05.08"]
[EventType "swiss"]
[EventRounds "6"]
[EventCountry "ITA"]

1. d4 Nf6 2. c4 c5 3. d5 b5 4. cxb5 a6 5. bxa6 Bxa6 6. Nc3 d6 7. Nf3 g6 8. g3 Bg7 9. Bg2 Nbd7 10. Rb1 O-O 11. O-O Ng4 12. Bd2 Qc7 13. Re1 Rfb8 14. b3 Nge5 15. Nxe5 Nxe5 16. f4 Nd7 17. e4 c4 18. b4 Rxb4 19. Rxb4 Qc5+ 20. Kh1 Qxb4 21. Qc2 Nc5 22. Rb1 Qa5 23. Nb5 c3 24. Bxc3 Bxc3 25. Qxc3 Bxb5 26. Qxa5 Rxa5 27. e5 Bc4 28. exd6 exd6 29. h3 Ra3 (29... Rxa2 30. Rb6 Ra6 31. Rc6 Rxc6 32. dxc6 Na6) 30. Rb6 Ra6 31. Rc6 Rxc6 32. dxc6 Na6 {0-1 Chiesa,R (1700)-Maniero,R (1874)/Arqua' Petrarca 2004} 0-1